Analýza závislosti medzi niektorými všeobecnými a špeciálnymi ukazovateľmi sily paží u gymnastov

Bibliographic Details
Main Author: Hatiar, Bohuš, 1931- (Author)
Format: Article
Language:Slovak
PhysicalDescription:Tab.
Subjects:

MARC

LEADER 00000nab a2200000 ar4500
001 vtls009481704
003 SK-MaSNL
005 20260309151642.0
008 090310c1970 xo wr|||||||||000 b|slo
015 |a SNBRB1971  |2 snkbucl 
038 |a SNKBUCL 
040 |a SNKBUCL  |b slo  |c SNKBUCL  |e AACR2 
041 0 |a slo  |b eng  |b rus 
044 |a xo  |c SK 
080 |a 796.41.015  |2 2001 
100 |a Hatiar, Bohuš,  |d 1931-  |4 aut  |9 364553 
245 1 0 |a Analýza závislosti medzi niektorými všeobecnými a špeciálnymi ukazovateľmi sily paží u gymnastov  |c Bohuš Hatiar 
300 |b Tab. 
504 |a Bibliogr. odkzy 
546 |a Res. angl., rus. 
650 0 7 |a športová gymnastika  |2 snkbucl  |9 769 
773 0 |t Teorie a praxe tělesné výchovy  |g Roč. 18, č. 10 (1970), s. 593-597 
852 |a SNK  |b KIS3GCP 
999 |c 2213086  |d 2215016